Nature and nation: (Record no. 163162)

MARC details
000 -LEADER
fixed length control field 00579nam a22001817a 4500
005 - DATE AND TIME OF LATEST TRANSACTION
control field 20190330110521.0
010 ## - LCCN (DPL NO)
LC control number ENG-124959
020 ## - INTERNATIONAL STANDARD BOOK NUMBER
Terms of availability 595.00
International Standard Book Number 9788178245003
035 ## - SYSTEM CONTROL NUMBER
System control number EN-108491
037 ## - SOURCE OF ACQUISITION
Source of stock number/acquisition DBAD/PUB
082 ## - DEWEY DECIMAL CLASSIFICATION NUMBER
Classification number 304.20954
100 ## - MAIN ENTRY--PERSONAL NAME
Personal name Mahesh Rangarajan
245 ## - TITLE STATEMENT
Title Nature and nation:
Statement of responsibility, etc by Mahesh Rangarajan
Remainder of title essays on enviromental history/
260 ## - PUBLICATION, DISTRIBUTION, ETC. (IMPRINT)
Place of publication, distribution, etc Ranikhet
Name of publisher, distributor, etc Permanent Black
Date of publication, distribution, etc 2017
270 ## - ADDRESS
Address 'Himalayana', Mall Road,667,Ranikhet Cantt,
City Ranikhet
Postal code 263645
300 ## - PHYSICAL DESCRIPTION
Extent viii,346p.
Dimensions 21cm (pbk)
942 ## - ADDED ENTRY ELEMENTS (KOHA)
Source of classification or shelving scheme Dewey Decimal Classification
Item type English Books
Call number suffix MAH
Classification part 304.20954
Holdings
Withdrawn status Lost status Not for loan Collection code Home library Current library Date acquired Source of acquisition Cost, normal purchase price Full call number Barcode Copy number Cost, replacement price Koha item type
    Not For Loan Non-fiction D.B.Act.Division Patel Nagar 30/03/2019 DBAD/PUB 595.00 304.20954 MAH EN-108491 1 595.00 English Books

© Delhi Public Library
Hit Counter
free hit counter